000 00219nam a22000857a 4500
008 161022b xxu||||| |||| 00| 0 eng d
100 _9936
_aGarg.P.K.
245 _aMathematics-XI
260 _aNew Delhi
_bABD. Publications
_c2011
999 _c3590
_d3590